00000000nam##2200000za#4500
0019.590644
003CaOODSP
00520211213094337
007cr |||||||||||
008150406|2015||||xxc|||||o    f|0| 0 fre|d
040 |aCaOODSP|bfre
041 |aeng
041 |afre
043 |an-cn---
0861 |aXB412-55/3-PDF
1101 |aCanada. |bParlement. |bChambre des communes.
24510|aLoi portant octroi à Sa Majesté de crédits pour l'administration publique fédérale pendant l'exercice se terminant le 31 mars 2016 |h[ressource électronique]
2461 |iTitre abrégé : |aLoi de crédits n° 1 pour 2015-2016
260 |aOttawa - Ontario : |bChambre des communes |cAdopté par la Chambre des communes le 24 mars 2015.
300 |a34p.
4901 |aProjet de loi C-... |vC-55, 2e session, 41e législature
590 |a15-13|b2015-03-27
791 |tAn Act for granting to Her Majesty certain sums of money for the federal public administration for the financial year ending March 31, 2016 |eeng|w(CaOODSP)9.590643
830#0|aProjet de loi C-...|vC-55, 2e session, 41e législature|w(CaOODSP)9.500660
85640|ahttp://publications.gc.ca|qPDF|s225 Ko|uhttps://publications.gc.ca/collections/collection_2015/parl/XB412-55-3.pdf|yC-55, 2e session, 41e législature